| 000 | 00347nam a2200133 i 4500 | ||
|---|---|---|---|
| 001 | bg | ||
| 100 | 1 | _aKOSTRZEWA, Eugeniusz K. | |
| 245 | 0 |
_aSzlakiem wielkich przemian : _bZSRR kraj i ludzie / _cEugeniusz K. Kostrzewa. |
|
| 260 |
_aKatowice, _c1976. |
||
| 040 | _cBPK | ||
| 041 | _apol | ||
| 942 | _cKS | ||
| 008 | s pl f |000 0 pol | ||
| 999 |
_c26976 _d26976 |
||
| 856 |
_uhttp://koha.tu.koszalin.pl/cgi-bin/koha/opac-detail.pl?biblionumber=26976 _yKatalog online BPK |
||